La Guerra Civil espaǫla cine y propaganda /

Guardat en:
Dades bibliogràfiques
Autor principal: Crusells, Magi
Autor corporatiu: e-libro, Corp
Format: eBook
Idioma:espanyol
Publicat: Barcelona : Ariel, 2003.
Edició:2 da. ed.
Col·lecció:Ariel cine
Matèries:
Accés en línia:https://elibro.unach.elogim.com/es/lc/unach/titulos/48315
Etiquetes: Afegir etiqueta
Sense etiquetes, Sigues el primer a etiquetar aquest registre!

MARC

LEADER 00000nam a2200000 4500
001 ELB48315
003 FlNmELB
006 m o d |
007 cr cn|||||||||
008 200602r2003 sp |||||s|||||||||||spa d
020 |z 8434468131 
035 |a (MiAaPQ)EBC3160103 
035 |a (Au-PeEL)EBL3160103 
035 |a (CaPaEBR)ebr10078362 
035 |a (OCoLC)847282250 
040 |a FlNmELB  |b spa  |c FlNmELB 
050 4 |a DP269.8.M6  |b C957 2003 
080 |a 778.5 
100 1 |a Crusells, Magi. 
245 1 3 |a La Guerra Civil espaǫla  |h [recurso electronico] :  |b cine y propaganda /  |c Magi Crusells. 
250 |a 2 da. ed. 
260 |a Barcelona :  |b Ariel,  |c 2003. 
300 |a 17-313 p. 
440 0 |a Ariel cine 
533 |a Recurso electrónico. Santa Fe, Arg.: e-libro, 2015. Disponible vía World Wide Web. El acceso puede estar limitado para las bibliotecas afiliadas a e-libro. 
650 7 |a Motion pictures  |z Spain  |x History  |y 20th century.  |2 lcsh 
650 7 |a Publicidad.  |2 unescot 
650 7 |a Cine.  |2 unescot 
650 7 |a Historia.  |2 unescot 
651 7 |a Spain  |x History  |x Motion pictures and the war  |y Civil War, 1936-1939.  |2 lcsh 
651 7 |a Spain  |x History  |x Propaganda  |y Civil War, 1936-1939.  |2 lcsh 
653 |a Guerra civil espaǫla 
655 4 |a Libros electrónicos. 
710 2 |a e-libro, Corp. 
856 4 0 |u https://elibro.unach.elogim.com/es/lc/unach/titulos/48315